| 000 | 00675nam a22002177a 4500 | ||
|---|---|---|---|
| 999 |
_c14157 _d14157 |
||
| 003 | AR-CdUCM | ||
| 008 | 190422b ||||| |||| 00| 0 spa d | ||
| 040 |
_aMUNICIPALIDAD PROVINCIAL DEL CUSCO _cBIBLIOTECA MUNICIPAL DEL CUSCO |
||
| 082 |
_aPI / 803.08 / _bP51 |
||
| 245 |
_aToy story : _bLos juguetes / |
||
| 260 |
_aChina : _bDisney Pixar, _c2013. |
||
| 300 |
_c19 cm. _bIlustraciones |
||
| 440 |
_aSilver Dolphin _932801 |
||
| 500 | _aLibro sin numeración | ||
| 650 |
_aLiteratura infantil _9588 |
||
| 650 |
_aCuento _94671 |
||
| 700 |
_aSamantha Caballero (traducción) _932827 |
||
| 710 |
_aDisney Pixar _932825 |
||
| 942 |
_2ddc _cLIBROS |
||
| 945 |
_arjall _d2019-04-22 |
||